Biggest Non-Capital City In Each US State - Statistics

General Stats
  • This quiz has been taken 66 times
    61 since last reset
  • The average score is 30 of 50
Answer Stats
State Population City % Correct
California 3,979,576 Los Angeles
91%
New York 8,336,817 New York City
91%
Alaska 293,531 Anchorage
89%
Florida 911,507 Jacksonville
85%
Nevada 651,319 Las Vegas
83%
Minnesota 429,606 Minneapolis
83%
Maine 66,595 Portland
83%
Oregon 654,741 Portland
83%
Alabama 209,403 Birmingham
81%
Illinois 2,693,976 Chicago
81%
Ohio 381,009 Cleveland
81%
Texas 2,320,268 Houston
81%
Michigan 670,031 Detroit
79%
Pennsylvania 1,584,064 Philadelphia
79%
Missouri 495,327 Kansas City
77%
Washington 753,675 Seattle
77%
Arizona 548,073 Tucson
77%
Maryland 593,490 Baltimore
72%
North Carolina 885,708 Charlotte
72%
Tennessee 651,073 Memphis
72%
New Jersey 282,011 Newark
70%
Louisiana 390,144 New Orleans
70%
New Mexico 560,513 Albuquerque
68%
Colorado 478,221 Colorado Springs
66%
Kentucky 617,638 Louisville
66%
Oklahoma 401,190 Tulsa
66%
Montana 109,577 Billings
64%
South Carolina 137,566 Charleston
62%
Nebraska 478,192 Omaha
62%
Wisconsin 590,157 Milwaukee
57%
North Dakota 124,662 Fargo
55%
Connecticut 144,399 Bridgeport
51%
South Dakota 183,793 Sioux Falls
51%
Kansas 389,938 Wichita
51%
Delaware 70,644 Wilmington
51%
New Hampshire 112,673 Manchester
47%
Georgia 197,888 Augusta
45%
Vermont 42,545 Burlington
45%
Indiana 270,402 Fort Wayne
45%
Virginia 449,974 Virginia Beach
43%
Wyoming 58,446 Casper
38%
Massachusetts 185,428 Worcester
36%
Arkansas 87,743 Fort Smith
34%
Iowa 133,562 Cedar Rapids
30%
Mississippi 71,676 Gulfport
28%
Hawaii 47,540 East Honolulu
23%
Idaho 114,161 Meridian
21%
West Virginia 46,667 Huntington
19%
Rhode Island 81,254 Cranston
15%
Utah 135,248 West Valley City
15%
No matching quizzes found
Score Distribution
Percent of People with Each Score
Percentile by Number Answered
Your Score History
You have not taken this quiz since the last reset